Регионална библиотека "Любен Каравелов" - Русе

Изпитът по литература ХІ - ХІІ клас (Запис номер 65892)

MARC детайли
000 -Лидер
Контролно поле с фиксирана дължина 01763nam a2200373 c 4500
003 - Код на организацията, давaща контролен номер
Контролно поле BLK
005 - Дата и час на последна редакция
Контролно поле 20230407030346.0
008 - Елементи от данни с фиксирана дължина
fixed length control field 180408b bul|||||r ||||||| ||bul||
010 ## - Наследен системен номер
LC control number KNG00070174000
040 ## - Източник на каталожния запис
Идентификатор на билиотеката - собственик на записа BLK
041 ## - Код за език
Код за езика на текст/звукозапис или на отделно заглавие Български
Код за езика КДБФ Български
080 ## - УДК
Текстов определител УДК Литературна дейност. Редактиране. Култура на речта. Стилистика. Литературна техника
УДК код - определител по УДК 808
УДК определител (075.3)
УДК - код + определител 808(075.3)
080 ## - УДК
Текстов определител УДК Есета. Очерци. Скици. Вж и 82-95
УДК код - определител по УДК 82-4
УДК определител .08(075.3)
УДК - код + определител 82-4.08(075.3)
080 ## - УДК
Текстов определител УДК Българска литература
УДК код - определител по УДК 821.163.2
УДК определител (075.3)
УДК - код + определител 821.163.2(075.3)
100 1# - Редна дума - Автор
Автор Панов, Александър Асенов
Авторска отговорност първи автор
R(LIN) 254066
139 ## - Редно поле
Редна дума Панов, Александър Асенов
Авторски знак Пано - П 18
245 10 - Сведения за заглавието
Заглавие Изпитът по литература ХІ - ХІІ клас
Подзаглавни данни За кандидатстване в СУ "Св. Климент Охридски"
Редно поле (дума) Александър Асенов Панов.
257 ## - Страна на издаване
Страна на създаване/издаване България
260 ## - Област на издателските данни
-- София
Име на издателя, разпространителя и проч. Диоген.bg
Година на издаване 2005
Печатница София : Инвестпрес
300 ## - Физическа характеристика
Страници 112 с.
Размери/Мащаб 24 см
380 ## - Жанр
Жанр Литературознание
490 1# - СЕРИИ (Колекции)
Име на серия Български език и литература
650 #4 - Допълнително описание по предмет – тема
Основно описание – тема или топоним Българска литература - учебни помагала
9 (RLIN) 242720
650 #4 - Допълнително описание по предмет – тема
Основно описание – тема или топоним Литературна критика, българска
9 (RLIN) 241943
653 ## - Ключова дума – ненормативна
Ключова дума българска литература
653 ## - Ключова дума – ненормативна
Ключова дума литературна критика
653 ## - Ключова дума – ненормативна
Ключова дума учебни помагала
653 ## - Ключова дума – ненормативна
Ключова дума кандидатстудентски изпити
852 ## - Местоположение
Форматна сигнатура Цб 230531
856 4# - Електронен адрес и достъп
Електронен формат pdf - файл
Път до файла /url/
856 4# - Електронен адрес и достъп
Електронен формат pdf - файл
Път до файла /url/
942 ## - АРТИКУЛИ
Вид на библиотечния материал Книги
Скрит в OPAC Не
944 ## - СЪЗДАВАНЕ И РЕДАКЦИЯ на ЗАПИСА
Създаване/Редакция Създаване
Дата на регистрацията/редакция 20.12.2006
Служител, извършил регистрацията/редакцията Цветанка_Енчева
944 ## - СЪЗДАВАНЕ И РЕДАКЦИЯ на ЗАПИСА
Създаване/Редакция Редакция
Дата на регистрацията/редакция 13.03.2007
Служител, извършил регистрацията/редакцията
999 ## - СИСТЕМНИ КОНТРОЛНИ НОМЕРА
Koha biblionumber 65892
Koha biblioitemnumber 65892
Наличности
Код за отписване Код за изгубен артикул Източник на класификационната схема Код за повреда Коз за рестрикции Код за отдаване Артикулен № Име на библиотеката - собственик Име на библиотеката, в която се намира в момента Статус (Текущо местоположение) Дата на вписване в системата Местоположение - отдел Цена в лева Инвентарен номер Систематично азбучна сигнатура Баркод Номер на екземпляра Цена в евро Служебна бележка Служебен тип на артикула
Изтеглен Не е изгубен Universal Decimal Classification Не е повреден без рестрикции заемане за дома 108793 Регионална библиотека "Любен Каравелов" Русе Регионална библиотека "Любен Каравелов" Русе Заемна - подръчен фонд 2006-12-20 Заемна - подръчен фонд 8.00 120000707737 П 82.0/П 18 120000707737 1 4.09 Дост: Pk Вид: Ф N: 47400 Дата: 18.12.2006 Дата инв: 08.02.2018 Бележки инв: П2018 Книги
  Не е изгубен   Не е повреден без рестрикции ползва се в читалня 108794 Регионална библиотека "Любен Каравелов" Русе Регионална библиотека "Любен Каравелов" Русе Читалня 2006-12-20 Читалня 8.00 120000707738 Ч 82.0/П 18 120000707738 2 4.09 Дост: Pk Вид: Ф N: 47400 Дата: 18.12.2006 Дата инв: 30.03.2017 Бележки инв: Ч2017 Книги
  Не е изгубен   Не е повреден без рестрикции ползва се в читалня 108795 Регионална библиотека "Любен Каравелов" Русе Регионална библиотека "Любен Каравелов" Русе Хранилище 2007-03-09 Хранилище 8.00 120000710803 Цб 230531 120000710803 3 4.09 Дост: Dp Вид: Д N: 24 Дата: 24.05.2006 Книги
Vip Innovations Ltd, Rousse, Bulgaria 2025